00217nam a2200097Ia 4500008004100000041000800041082000800049100001700057245001900074260002600093231212s1971 xx 000 0 und d aeng a500 aEvdukimov F. aFundamental of aMascowbMir Pubc1971